Statystyki dla Miasta Aglomeracji Białostockiej

Kliknij tutaj aby rozwiązać quiz!

Ogólne statystyki

  • Ten quiz został rozwiązany 48 razy
  • Średni wynik to 5 z 7

Statystyki odpowiedzi

LudnośćMiasto% Poprawnych
297 585Białystok
97%
4 621Supraśl
69%
11 074Wasilków
69%
5 908Choroszcz
64%
15 689Łapy
64%
9 279Czarna Białostocka
51%
2 476Zabłudów
38%

Rozkład punktacji

Percentyl według liczby udzielonych odpowiedzi

Procent ludzi z każdym wynikiem

Twoja historia wyników

Nie rozwiązałeś tego quizu